header

Planning paradise (Record no. 224109)

MARC details
000 -LEADER
fixed length control field 01724nam a2200397 a 4500
082 04 - DEWEY DECIMAL CLASSIFICATION NUMBER
Classification number 333.73/1309795
100 1# - MAIN ENTRY--AUTHOR NAME
Personal name Walker, Peter A.
245 10 - TITLE STATEMENT
Title Planning paradise
260 ## - PUBLICATION, DISTRIBUTION, ETC. (IMPRINT)
Place of publication Tuscon :
Name of publisher University of Arizona Press,
Year of publication c2011.
300 ## - PHYSICAL DESCRIPTION
Number of Pages xii, 287 p. :
Other physical details ill., maps.
490 1# - SERIES STATEMENT
Series statement Society, environment, and place
505 0# - FORMATTED CONTENTS NOTE
Formatted contents note Introduction -- Planning for growth -- A star is born -- Falling star -- "What were people thinking?" -- Metro visions -- Central destinations -- Southern discomforts -- Paradise lost?
650 #0 - SUBJECT ADDED ENTRY--TOPICAL TERM
Topical Term Land use
Topical Term Land use
Topical Term Cities and towns
Topical Term Sustainable development
700 1# - ADDED ENTRY--PERSONAL NAME
Personal name Hurley, Patrick T.
856 40 - ELECTRONIC LOCATION AND ACCESS
Uniform Resource Identifier http://site.ebrary.com/lib/rucke/Doc?id=10485537

No items available.

© 2026 Rongo University
Contact us: librarian | system librarian | Rongo university